[Event "European Blitz-ch 2018"]
[Site "Skopje"]
[Date "2018.12.06"]
[Round "9"]
[White "Loginov, Valery A"]
[Black "Beerdsen, Thomas"]
[Result "1/2-1/2"]
[WhiteElo "2478"]
[BlackElo "2477"]
[Annotator "TA"]
[PlyCount "117"]
[EventDate "2018.12.06"]
[EventType "swiss"]
[EventCountry "MKD"]

{[%evp 14,117,0,0,23,25,29,19,38,17,54,48,81,54,56,51,62,58,52,54,120,127,133,127,121,145,182,141,134,113,221,136,248,230,193,186,181,182,218,95,454,110,121,82,100,97,83,78,176,169,163,28,15,0,0,0,0,0,0,-3,8,-8,-8,-8,0,0,0,0,0,0,0,0,0,0,0,0,0,0,0,0,0,0,0,-57,20,-69,-69,-72,-39,-39,-22,-67,-8,-8,-8,-66,-8,-10,-8,-8,0,-8,-8,-8,-8,-8]} 1. Nf3 Nf6 2. g3 b6 3. Bg2 Bb7 4. O-O g6 5. d3 Bg7 6. e4 {A05: Réti Opening: 1 Nf3 Nf6} O-O 7. Nbd2 c5 8. c3 {LiveBook: 3 Games} (8. Nc4 d6 9. Re1 Nc6 10. c3 b5 11. Ne3 a5 12. Nd5 Nd7 13. Bg5 h6 {0-1 (30) Melkumyan,H (2660)-Iturrizaga Bonelli,E (2636) chess.com INT 2018}) 8... d5 {[%cal Rd5e4]} 9. e5 $146 ({Predecessor:} 9. Re1 dxe4 10. dxe4 Nxe4 11. Ng5 Nd6 12. Bxb7 Nxb7 13. Qf3 Qc7 14. Nc4 Nc6 15. Bf4 {0-1 (36) Ferrua,P-Calancea,S Romania 1999}) 9... Nfd7 10. Re1 Nc6 {[%cal Rd7e5]} 11. d4 cxd4 12. cxd4 Rc8 13. a3 e6 14. Nf1 {[%cal Bd2f1,Bf1h2,Bh2g4,Bg4f6][%mdl 32]} Na5 15. Bg5 Qe8 16. h4 b5 (16... f6 $14 17. exf6 Nxf6) 17. N1h2 $16 f6 18. exf6 Nxf6 19. Bxf6 Bxf6 20. Bh3 Rc6 21. Ng4 Nc4 (21... Bg7 $16) 22. Qe2 Bc8 (22... Bg7 $16) 23. Nxf6+ $18 Rxf6 24. Ne5 Rc7 25. Rac1 {And now Ng4 would win.} Qd8 26. Rc3 (26. Ng4 $18 Rf8 27. b3) 26... Nd6 $2 {[%mdl 8192]} (26... Nxe5 $16 27. Rxc7 (27. dxe5 Rf8 $16) (27. Qxe5 Rxc3 28. bxc3 h6 $16) 27... Nf3+ 28. Qxf3 Rxf3 29. Rxc8 {[%mdl 64] Remove Defender} Qxc8 30. Bxe6+ Qxe6 $1 {[%mdl 512]} 31. Rxe6 a5) 27. Nc6 $2 (27. Rxc7 $18 {and the rest is easy.} Qxc7 28. Ng4) 27... Qf8 $16 {Threatening ...Ne4.} 28. Qe5 Rxf2 29. Bxe6+ Bxe6 30. Qxe6+ Kg7 (30... Kh8 $16 {was worth a try.}) 31. Qe5+ $18 Qf6 {[#]} 32. Qxf6+ (32. Nd8 $1 $18 Rxc3 33. Ne6+ Kh6 34. bxc3) 32... Rxf6 $11 33. Ne7 Rxc3 34. bxc3 {[%mdl 4096] Endgame KRN-KRN} Rf3 {[%mdl 64] Double Attack} 35. Nxd5 Rxg3+ 36. Kh2 Rg4 37. Kh3 h5 38. Re7+ Kf8 39. Rxa7 Nf5 40. Nf6 Rxh4+ 41. Kg2 Rf4 {Threatens to win with ...Ne3+.} 42. Nd7+ Ke7 43. Ne5+ Kd6 44. Ra6+ Kd5 45. Nxg6 Rg4+ 46. Kh3 Rg3+ {[%mdl 64] Double Attack} 47. Kh2 {Ne7+! is the strong threat.} Rxc3 48. Nf4+ ({Better is} 48. a4 $1 $11) 48... Kxd4 ({Black should try} 48... Ke4 $15 49. Nxh5 Nxd4) 49. Nxh5 (49. Ne2+ $11 Kd3 50. Nxc3 Kxc3 51. Ra5) 49... Ne3 $15 50. Nf4 Rc2+ 51. Kg3 Nc4 52. Ne6+ Kc3 (52... Ke4 $15) 53. Nc7 $11 Rb2 54. Nd5+ (54. Rc6 $11) 54... Kd4 (54... Kb3 $15) 55. Nc7 $1 {The position is equal.} Rb3+ 56. Kf2 Ne5 57. Rb6 Kc5 58. Rxb5+ Rxb5 59. Nxb5 {Accuracy: White = 40%, Black = 28%.} 1/2-1/2

[Event "European Blitz-ch 2018"]
[Site "Skopje"]
[Date "2018.12.06"]
[Round "9"]
[White "Pezelj, Novak"]
[Black "Abozenko, Georg"]
[Result "1-0"]
[WhiteElo "2475"]
[BlackElo "2079"]
[Annotator "TA"]
[PlyCount "63"]
[EventDate "2018.12.06"]
[EventType "swiss"]
[EventCountry "MKD"]

{[%evp 19,63,0,0,0,51,0,0,0,0,0,0,0,0,0,0,0,68,69,106,93,96,79,250,185,199,174,306,306,307,294,285,218,214,191,210,130,278,214,384,380,369,341,471,504,1119,1119]} 1. Nf3 Nf6 2. c4 e6 3. g3 d5 4. Bg2 Be7 5. O-O O-O 6. d4 dxc4 7. Ne5 Nc6 8. Nxc6 bxc6 9. e3 Rb8 {E05: Open Catalan: 5 Nf3 Be7} 10. Qa4 Nd5 {LiveBook: 3 Games} 11. Qxc4 Rb6 $146 (11... c5 $11) ({Predecessor:} 11... c5 12. dxc5 Nb4 13. Qb3 Na6 14. Qc2 Nb4 15. Qb3 {½-½ (15) Krasenkow,M (2662)-Pigusov,E (2622) Kallithea 2002}) 12. Qc2 ({Better is} 12. Rd1 $14) 12... Nb4 $11 13. Qd2 c5 14. a3 Na6 {[%cal Bb4a6,Ba6c5,Bc5d3][%mdl 32]} 15. Nc3 cxd4 16. exd4 c5 17. d5 c4 (17... Rd6 $11) 18. Qc2 Nc5 19. Be3 $36 {[%mdl 2048] Black is under strong pressure.} Rb8 20. Rfd1 {[#] aiming for d6!} exd5 $2 (20... Qc7 $16) 21. Nxd5 Nd3 22. Bxa7 Be6 (22... Rb7 $142) 23. Nxe7+ $18 ({Weaker is} 23. Qxc4 Nxb2 24. Qf4 Rb3 $16) 23... Qxe7 24. Bxb8 Rxb8 25. Rxd3 cxd3 26. Qxd3 Rxb2 27. a4 {[%cal Ba3a4,Ba4a5][%mdl 32]} g6 (27... Qf6 $16 28. Qf3 Qe5) 28. Qc3 Rb8 $2 {[#]} (28... Rb3 {was necessary.} 29. Qd4 Bc8) 29. a5 Qa7 30. h4 Rb3 31. Qf6 Rxg3 (31... h6 $142 32. Rd1 Rb8 33. Rd8+ Rxd8 34. Qxd8+ Kg7) 32. Rd1 {Precision: White = 69%, Black = 32%.} 1-0

[Event "European Blitz-ch 2018"]
[Site "Skopje"]
[Date "2018.12.06"]
[Round "9"]
[White "Kalezic, Blazo"]
[Black "Petkidis, Anthony"]
[Result "0-1"]
[WhiteElo "2460"]
[BlackElo "2375"]
[Annotator "TA"]
[PlyCount "192"]
[EventDate "2018.12.06"]
[EventType "swiss"]
[EventCountry "MKD"]

{[%evp 24,192,37,28,65,-15,52,0,15,-19,-13,-21,-25,-13,-16,-87,-21,-67,-78,-83,-78,-68,-34,-23,-23,-87,-48,-126,-127,-226,-237,-323,-264,-288,-276,-307,-306,-409,-368,-543,-549,-647,-656,-660,-649,-621,-633,-529,-377,-672,-514,-835,-801,-754,-467,-1305,-1298,-1296,-1424,-1675,-1542,-29998,-942,-1577,-701,-1301,-339,-337,-337,-337,-170,-308,-322,-297,-164,-265,-50,-163,-162,-166,0,-162,-91,-170,-136,-211,-154,-182,-88,-211,-184,-78,0,-208,-190,-181,-152,-1187,-1015,-29960,0,-29972,-29969,-29968,-29970,-29970,-29971,-29970,0,0,0,0,0,-6064,0,-29963,-12155,-12722,-5077,-2164,-2114,-1537,-1549,-29980,-29980,-29978,-29979,-29981,-29982,-29984,-29985,-29985,-29986,-29987,-29982,-29982,-29978,-29984,-29976,-29977,-29976,-29975,-29976,-29979,-29969,-5959,0,-29978,-29958,-29974,-29977,-29973,-29978,-29979,-29980,-29979,-29973,-29972,-29972,-29970,-29971,-29974,-29975,-29971,-29976,-29975,-4610,-29974,-29971,-29980,-142]} 1. e4 e5 2. Nf3 Nc6 3. Bb5 a6 4. Ba4 Nf6 5. O-O Be7 6. Re1 b5 7. Bb3 d6 8. a4 Rb8 9. axb5 axb5 10. c3 O-O 11. d4 exd4 12. cxd4 Bg4 13. Be3 {[#] LiveBook: 8 Games. C88: Closed Ruy Lopez: Anti-Marshall Systems} Re8 $146 ({Predecessor:} 13... Nb4 14. d5 Nxe4 15. Ba7 Ng5 16. Bxb8 Bxf3 17. gxf3 Bf6 18. Ra8 Bxb2 19. f4 Nh3+ {½-½ (19) Roberson,P (2396)-Turner,M (2536) Telford 2018}) 14. Nbd2 (14. Nc3 $14) 14... Bf8 (14... Nb4 $11) 15. Qb1 {White is slightly better.} Bh5 16. Qc2 (16. Bg5 $5 {[%cal Re4e5]}) 16... Nb4 17. Qc3 c5 $1 18. Bg5 h6 19. Bh4 (19. Bxf6 $1 $11 {keeps the balance.} Qxf6 20. e5) 19... Be7 ({Better is} 19... g5 $17 20. Bg3 Rc8) 20. Bg3 Rc8 $1 21. Bd1 Qb6 22. Nh4 Bxd1 23. Raxd1 Bf8 24. d5 (24. Nf5 $11) 24... Nd7 25. Ndf3 (25. Nhf3 $15) 25... g6 $1 $17 26. e5 (26. Bf4 $17) 26... Bg7 $19 27. Qd2 {next e6 is good for White.} Nxe5 28. Nxe5 dxe5 {[%cal Bd6e5,Be5e4][%mdl 32]} 29. d6 {Threatens to win with d7.} Rcd8 30. Nf3 {[%cal Rg3e5]} e4 $1 31. Nh4 (31. d7 {was worth a try.} Re6 32. Bh4) 31... Nd3 32. Rxe4 Rxe4 33. Qxd3 Rd4 34. Qe2 Rxd1+ 35. Qxd1 Bxb2 36. Qe2 $2 (36. Qd5 Bf6 37. Nxg6) 36... Bf6 37. Nf3 (37. Nxg6 $142 Qa7 38. Nh4 Bxh4 39. Qg4+ Kh7 40. Qe4+ Kg8 41. Qg4+ Bg5 42. h4) 37... c4 38. Nd2 Rxd6 39. Ne4 (39. Bxd6 $142 Qxd6 40. Ne4) 39... Re6 40. Nxf6+ Rxf6 {[%mdl 4096] Endgame KQR-KQB} 41. Qe8+ Kh7 42. Be5 Qe6 (42... Qxf2+ $142 43. Kh1 Qf1#) 43. Qb8 g5 44. h3 b4 $2 (44... Qb6 45. Qc8 Qxf2+ 46. Kh2 Rf3) 45. Bxf6 Qxf6 46. Qxb4 {KQ-KQ} Qe6 (46... Qd4 $142 47. Qb1+ Kg7) 47. Qc5 (47. Qd2 $142) 47... Qe4 48. g3 Kg6 (48... Qb1+ $142 49. Kh2 Qd3) 49. Qd6+ (49. Qb6+ $142 Qe6 50. Qd4) 49... f6 $2 (49... Kg7 $1 $19 {aiming for ...c3.} 50. Qd2 Qe5) 50. Qd8 (50. g4 $1 $15) 50... Qe1+ 51. Kg2 Qe4+ 52. Kg1 $1 Qe6 ({Black should try} 52... Qc6 $19 53. Qg8+ Kf5 54. Qh7+ Ke6 55. Qg8+ Kf5 56. Qh7+ Ke6 57. Qg8+ Kf5) 53. Qc7 (53. g4 $17) 53... h5 54. Kg2 (54. Qd8 $17 {is a better defense.}) 54... Qe4+ 55. Kg1 g4 (55... Qb1+ $1 $19 56. Kg2 Qb5) 56. hxg4 (56. h4 $17 {is the only way for White.}) 56... hxg4 57. Qc8 (57. Qc5 $19) 57... Kg5 (57... Qd4 $17 {...c3 is the strong threat.} 58. Qe8+ Kf5 59. Qc8+ Ke4 60. Qxg4+ Ke5 61. Qe2+ Kd6) 58. Qg8+ $2 (58. Qc5+ $1 $11 {and White has nothing to worry.} Kg6 59. Qf8) 58... Kf5 59. Qc8+ Ke5 60. Qb8+ $2 (60. Qc5+ $17 Ke6 61. Qc8+ Kf7 62. Qd7+ Kg6 63. Qd8) 60... Kd4 $1 61. Qb6+ {[#]} Kd3 $2 (61... Kc3 $1 62. Qa6 Kd2 63. Qd6+ Kc2 64. Qxf6 c3 65. Qa6 Kb1 66. Qf1+ Kb2 67. Qb5+ Kc1 68. Kh2 Kd1 69. Qd7+ Ke1 70. Kg1 c2 71. Qc7 Qd3 72. Qa5+ Qd2 73. Qe5+ Kd1 74. Kg2 c1=Q 75. Qe4 Qe2 76. Qd4+ Kc2 77. Qa4+ Kb1 78. Qb4+ Qcb2 79. Qxb2+ Kxb2 80. Kg1 Qe1+ 81. Kg2 Kc3 82. f4 Qe2+ 83. Kg1 Kd4 84. Kh1 Ke4 85. f5 Kf3 86. Kg1 Qg2#) 62. Qd6+ $2 {[%mdl 8192]} (62. Qb1+ $11 Kd4 63. Qa1+ Kd5 64. Qxf6) 62... Qd4 63. Qa6 Kd2 64. Qa2+ Kc1 65. Qa3+ Kb1 $2 (65... Kd1 66. Qa4+ Ke1 67. Qb4+ Ke2 68. Qe7+ Kd3 69. Qe1 Kc2 70. Qb4 Qd1+ 71. Kh2 c3 72. Qc4 Qd6 73. Qxg4 Kb2 74. Qf3 Qb6 75. Qg2 c2 76. f4 Qe3 77. Kh3 f5 78. Kh4 Qe7+ 79. Kh5 Qf7+ 80. Kg5 Kb1 81. Qf1+ c1=Q 82. Qb5+ Ka2 83. Qe2+ Ka3 84. Qa6+ Kb4 85. Qb6+ Kc3 86. Qa5+ Kd4 87. Qe5+ Kd3 88. Qxf5+ Qxf5+ 89. Kxf5 Qc5+ 90. Ke6 Ke4 91. Kf6 Qf5+ 92. Kg7 Kf3 93. Kh8 Kxg3 94. Kg7 Kxf4 95. Kh6 Qg5+ 96. Kh7 Kf5 97. Kh8 Kg6 98. Kg8 Qd8#) 66. Qb4+ $11 Kc2 {Strongly threatening ...Qd1+.} 67. Qa4+ $1 Kd2 $2 {[%mdl 8192]} (67... Kb2 $11 68. Qb4+ Kc2 69. Qa4+ Kc1 70. Qa3+ Qb2) 68. Qa2+ $19 Kc1 (68... Ke1 $19 69. Qb1+ Kd2 70. Qa2+) 69. Qa3+ Qb2 (69... Kd1 $142 70. Qa4+ Ke1 71. Qc2 Qd3 72. Qc1+ Ke2 73. Qf4 c3 74. Qxg4+ Ke1 75. Qb4 f5 76. Kh2 Kxf2 77. Qc5+ Ke2 78. Kh3 c2 79. Kh4 Qe4+ 80. Kh5 Qh1+ 81. Kg6 c1=Q 82. Qb5+ Kf2 83. Qb6+ Kxg3 84. Qb3+ Kg4 85. Qa4+ Qe4 86. Qxe4+ fxe4 87. Kf6 Qc6+ 88. Kf7 Kf5 89. Kf8 Qd7 90. Kg8 Kf6 91. Kh8 Qg7#) 70. Qe3+ Kb1 (70... Qd2 $142 71. Qa3+ Kb1) 71. Qe4+ Qc2 72. Qxg4 c3 {[%cal Bc4c3,Bc3c2][%mdl 32]} 73. Qb4+ Qb2 74. Qe4+ c2 75. g4 Qc3 76. Kg2 Kb2 77. Qe2 Qc6+ 78. f3 Qc5 79. Qd2 Ka2 80. Qc1 Kb3 81. Kg3 Qc7+ 82. f4 Qc3+ 83. Kh4 Qb2 84. Qe3+ Qc3 (84... Ka2 $19 85. Qe6+ Qb3) 85. Qc1 Qf3 86. Kh5 f5 87. Kg5 Qxg4+ 88. Kf6 Qd1 89. Qe3+ Ka2 90. Qe6+ Kb2 91. Qb6+ Kc1 92. Kxf5 Qd5+ 93. Kg6 Kd2 94. Qf2+ Kd3 (94... Kc3 $142 95. Qe1+ Qd2 96. Qe5+ Qd4 97. Qe1+ Kb2 98. Qe2 Qd6+ 99. Kg7 Qd7+ 100. Kf8 Qf5+ 101. Ke7 Qxf4 102. Qb5+ Kc3 103. Qc6+ Kd2 104. Qg2+ Kd3 105. Qd5+ Qd4 106. Qb3+ Kd2 107. Qa2 Qe5+ 108. Kf8 Qb5 109. Ke7 Kd1 110. Qg8 c1=Q 111. Qg1+ Kc2 112. Qg6+ Kc3 113. Kf7 Qc4+ 114. Kg7 Qd4+ 115. Kg8 Kb4 116. Qf5 Qcg1+ 117. Kf7 Qgg7+ 118. Ke8 Qe3+ 119. Qe6 Qxe6+ 120. Kd8 Qeg8#) 95. Qf1+ {[#]} Kc3 $1 96. f5 Kb2 $2 {Accuracy: White = 24%, Black = 42%.} (96... Qd1 {mates} 97. Qh3+ Kb4 98. Qg2 c1=Q 99. Qb7+ Kc3 100. Qc7+ Kd4 101. Qd8+ Ke4 102. Qa8+ Qd5 103. Qe8+ Kd3 104. Qe6 Qg1+ 105. Kf6 Qgd4+ 106. Kf7 Qa7+ 107. Kf6 Qdd4+ 108. Kg5 Qg1+ 109. Kh5 Qh7+ 110. Qh6 Qxf5+ 111. Kh4 Qh2#) 0-1

[Event "European Blitz-ch 2018"]
[Site "Skopje"]
[Date "2018.12.06"]
[Round "9"]
[White "Kevlishvili, Robby"]
[Black "Van Foreest, Jorden"]
[Result "0-1"]
[WhiteElo "2451"]
[BlackElo "2614"]
[Annotator "TA"]
[PlyCount "106"]
[EventDate "2018.12.06"]
[EventType "swiss"]
[EventCountry "MKD"]

{[%evp 17,106,44,43,52,47,61,85,43,39,38,42,0,0,-5,8,-70,0,-31,45,-39,-31,-34,-29,-31,-31,-36,-31,-38,-28,-35,-27,-34,-38,-110,-102,-116,-103,-145,-134,-178,-33,-113,-98,-156,-110,-183,-203,-194,-160,-305,-116,-210,-218,-184,-65,-103,331,337,329,306,321,319,392,-109,0,0,0,-288,0,-364,0,-61,-70,-133,-151,-356,-158,-158,-158,-158,-150,-646,-642,-624,-618,-575,-504,-5047,-5043,-4782,-3512]} 1. e4 e5 2. Nf3 Nc6 3. Bb5 g6 4. c3 d6 5. d4 Bd7 6. O-O Bg7 7. Bg5 f6 8. Be3 {C60: Ruy Lopez: Unusual Black 3rd moves and 3...g6} Nh6 9. dxe5 (9. h3 O-O 10. dxe5 fxe5 11. c4 a6 12. Bxc6 bxc6 13. Nc3 Nf7 14. b4 Be6 15. Qd3 {½-½ (15) Tilicheev,V (2437)-Petkov,V (2481) Belogradchik 2016}) 9... dxe5 {LiveBook: 3 Games} 10. Bc4 {White is slightly better.} Qe7 11. b4 b6 12. Qb3 Nf7 13. Rd1 $146 ({Predecessor:} 13. a4 O-O 14. a5 Rac8 15. Rd1 Rfd8 {1-0 (42) Milic,B-Fuderer,A Belgrade 1952}) 13... Ncd8 14. Qc2 (14. a4 {keeps more tension.} Nd6 15. a5 b5 16. Be2 Qf7 17. Qc2) 14... O-O 15. Nbd2 Kh8 16. h3 (16. Re1 $11) 16... Nd6 (16... f5 $1 $15 17. exf5 gxf5) 17. Bb3 N8f7 ({Better is} 17... f5 $15 18. Bd5 Bc6) 18. Nc4 (18. c4 $1 $14) 18... f5 $15 19. Nxd6 Nxd6 20. exf5 gxf5 21. Bg5 Qe8 22. Re1 Qg6 {And now ...e4 would win.} 23. Be7 e4 $1 {[%cal Re4f3]} 24. Bxf8 Rxf8 25. Nh2 (25. Nd2 $1 $15) 25... f4 $17 {[%mdl 1024] Black has strong compensation.} 26. Kh1 Bf5 $1 $40 {[%mdl 128] ...e3 is the strong threat. Black attacks with force.} 27. Qc1 Be5 28. Bd5 Qh5 (28... f3 29. gxf3 Qf6 30. fxe4 $15) (28... Qg7 $19 29. Rb1 e3) 29. f3 (29. Qd2 $1 $15) 29... e3 30. c4 ({White should try} 30. a4) 30... Qg5 31. c5 (31. a4 $17) 31... Nb5 $1 $19 32. Ng4 Bg7 33. Qc4 (33. Be4 $17) 33... Nc3 $2 ({Not} 33... Bxa1 34. Rxa1 Bxg4 35. fxg4 $17) (33... Na3 $19 34. Qb3 Nc2) 34. Be6 (34. cxb6 $17 Bxg4 35. Bc6 Bxh3 36. gxh3 axb6 37. Rg1) 34... b5 35. Qb3 Bd3 (35... h5 $19 36. Bxf5 Rxf5) 36. Rac1 a5 $2 {[%mdl 8192]} (36... Qh4 $17 {stays on course.}) 37. Rxc3 $18 a4 38. Qa3 Bg6 39. Qc1 h5 40. Nh2 $2 {[#]} (40. Nxe3 $1 $18 fxe3 41. Rcxe3) 40... Qe5 (40... Qf6 $1 $17 {[%cal Rf6c3]} 41. Rcxe3 fxe3) 41. Rcxe3 fxe3 42. Qxe3 $2 {[%mdl 8192]} (42. Rxe3 $11 {and White has nothing to worry.} Qf4 43. Nf1) 42... Qc3 $2 (42... Qxe3 $19 43. Rxe3 Rd8) 43. Bd5 $2 {[%mdl 8192]} (43. Qf2 $11) 43... Qxb4 $2 (43... Qxe3 $19 44. Rxe3 Rd8) 44. Rd1 (44. Nf1 $11) 44... Qc3 $1 $15 {[%cal Rc3e3]} 45. Qxc3 (45. Qe2 $15) 45... Bxc3 $17 46. Bc6 $2 (46. Nf1 $17 {was called for.}) 46... Rb8 (46... Bf7 $19 {has better winning chances.} 47. Bxb5 a3) 47. Nf1 {[#]} a3 $1 {[%cal Ba4a3,Ba3a2][%mdl 32]} 48. Ne3 b4 {Hoping for ...b3.} 49. Be4 $2 (49. Ba4 $17) 49... Bxe4 $19 {Black is clearly winning.} 50. fxe4 b3 51. axb3 a2 52. Nc2 (52. Nd5 $142 a1=Q 53. Rxa1 Bxa1 54. Nxc7) 52... Rxb3 53. Rd8+ Kg7 {Precision: White = 19%, Black = 50%.} 0-1

[Event "European Blitz-ch 2018"]
[Site "Skopje"]
[Date "2018.12.06"]
[Round "9"]
[White "Jirovsky, Milos"]
[Black "Zavgorodniy, Sergiy"]
[Result "1-0"]
[WhiteElo "2448"]
[BlackElo "2420"]
[Annotator "TA"]
[PlyCount "96"]
[EventDate "2018.12.06"]
[EventType "swiss"]
[EventCountry "MKD"]

{[%evp 26,96,106,112,106,113,101,66,70,40,47,47,40,40,41,44,40,41,37,52,37,-39,87,-45,81,58,53,54,89,89,201,62,83,75,70,13,16,0,0,0,0,0,0,0,29,-154,9,0,0,0,-3,-53,-53,-97,-84,-91,-108,-345,-323,-329,-335,-762,-206,-444,-462,-511,-498,-677,-677,-585,-335,-580,-438]} 1. e4 g6 2. d4 d6 3. Nc3 Bg7 4. f4 Nf6 {[%cal Bg8f6,Bf6d5,Bd5b4][%mdl 32]} 5. Nf3 O-O 6. Bd3 Nc6 7. e5 dxe5 8. dxe5 Nd5 9. Bd2 Ndb4 $146 {B09: Pirc Defence: Austrian Attack} (9... Ncb4 10. Be4 c6 11. Nxd5 Nxd5 12. c4 Nc7 13. Bb4 Qxd1+ 14. Rxd1 Re8 15. O-O f5 16. Bc2 Ne6 17. g3 a5 {½-½ (51) Stefansson,H (2574)-Danielsen,H (2495) Reykjavik 2010}) 10. Be4 f5 11. Bxc6 Nxc6 12. Qe2 Be6 13. O-O-O Nd4 14. Nxd4 {LiveBook: 3 Games} Qxd4 15. Be3 Qb4 16. a3 Qa5 17. Qb5 Qxb5 18. Nxb5 Rfc8 $1 19. Nxa7 Rxa7 20. Bxa7 {Black must now prevent Bc5.} b6 21. Rd4 {And now Rhd1 would win.} Ra8 22. Bxb6 $1 cxb6 23. Rb4 (23. h4 $14) 23... Rb8 (23... Bd5 $1 $15 {stays ahead.}) 24. a4 (24. Rd1 $16) 24... Kf7 (24... Bd5 $15 {keeps the upper hand.}) 25. Rd1 g5 {Hoping for ...gxf4.} 26. g3 $1 gxf4 27. gxf4 Bh6 (27... Rc8 $16) 28. b3 (28. Rdd4 $18) 28... Rc8 29. Kb2 Rc6 30. Rd8 (30. Rd3 $1 $14) 30... Bc8 $1 $11 31. Rh8 Kg7 32. Re8 Kf7 33. Rh8 Kg7 34. Re8 Rc7 (34... Kf7 $5 {[%cal Rf7e8]} 35. Rh8 $14) 35. c3 $2 (35. Rc4 $11 Rxc4 36. bxc4) 35... Kf7 $2 ({Black should play} 35... Bb7 $17 {Threatens to win with ...Be4.} 36. Rd8 Be4) 36. Rh8 ({Don't go for} 36. Rxb6 $2 Bxf4 37. Rh8 Kg7 $19) 36... Kg7 37. Rd8 Bb7 38. Rd1 (38. Rd2 $5 {[%cal Rd2f2]}) 38... Be4 {[%mdl 1024] Black has compensation.} 39. Rf1 Rc6 40. Rd4 Rg6 41. Rf2 $2 {[#]} (41. Rd2 $17) 41... Rg4 $1 $19 42. Rb4 Bxf4 43. Rxb6 $2 (43. h3 Rh4 44. Rf1) 43... Bxe5 $2 (43... Be3 44. Rxf5 Bxf5) 44. Re2 $2 {[#]} (44. Re6 Bf6 45. a5) 44... Rg1 $1 45. a5 Rb1+ 46. Ka3 Bxc3 47. a6 Bd4 48. Rb8 $2 (48. Re6 Kf7 49. R2xe4 fxe4 50. Rxe4) 48... Kf6 {[%mdl 32768] Accuracy: White = 16%, Black = 45%. . Sensor Board Error (Ke4/e5)?} 1-0

[Event "European Blitz-ch 2018"]
[Site "Skopje"]
[Date "2018.12.06"]
[Round "9"]
[White "Stanojoski, Zvonko"]
[Black "Cheparinov, Ivan"]
[Result "0-1"]
[WhiteElo "2447"]
[BlackElo "2709"]
[Annotator "TA"]
[PlyCount "109"]
[EventDate "2018.12.06"]
[EventType "swiss"]
[EventCountry "MKD"]

{[%evp 20,109,22,16,10,-20,-20,-15,-28,-60,-75,-64,-31,-30,474,446,467,442,536,530,623,632,653,580,701,692,688,695,742,638,615,516,547,547,540,519,527,487,566,559,639,639,579,568,644,623,718,669,808,792,762,774,884,878,831,803,803,803,800,772,740,618,705,552,537,523,522,505,685,0,0,0,0,0,0,0,0,0,0,-420,31,0,23,-1728,-1562,-1865,-1864,-1966,-5489,-1904,-1726,-1489]} 1. e4 c6 2. d4 d5 3. Nc3 dxe4 4. Nxe4 Nf6 5. Ng3 g6 6. Bc4 Bg7 7. Nf3 O-O 8. O-O Bg4 {B15: Caro-Kann: 3 Nc3: 3...g6 and 3...dxe4 4 Nxe4 Nf6 5 Nxf6+ exf6} 9. c3 Nbd7 10. h3 (10. Re1 e6 11. h3 Bxf3 12. Qxf3 Nd5 13. Bb3 a5 14. a3 a4 15. Bc2 b5 16. Bd2 {0-1 (30) Sarenac,I (2449)-Drazic,S (2517) Belgrade 2016}) 10... Bxf3 11. Qxf3 {LiveBook: 3 Games} e5 12. Bb3 $146 ({Predecessor:} 12. Be3 Qe7 13. Rae1 e4 14. Qe2 Nd5 15. Bd2 Rfe8 16. Qxe4 Qxe4 17. Nxe4 {1-0 (48) Fuchs,A (2094)-Neumeyer,H (1965) Germany 2014}) 12... exd4 13. cxd4 Nb6 14. Bg5 Qxd4 15. Rad1 Qe5 16. Bf4 Qxb2 $2 {[%mdl 8192]} (16... Qa5 $11) 17. Rd2 $18 Qxd2 18. Bxd2 Nfd5 19. a4 a5 20. Ne4 Nb4 21. Bc3 N6d5 22. Bxg7 Kxg7 23. Nd6 b6 24. Qg4 Rad8 25. Nf5+ Kh8 26. Nd4 Rd6 27. Nf3 Kg7 28. Qd4+ f6 29. Qc4 Re8 30. Re1 Rxe1+ 31. Nxe1 Re6 32. Nf3 Re7 33. Qd4 Re8 34. Bxd5 Nxd5 35. Qc4 Nb4 36. Qf4 Re7 37. Qd6 Kf7 38. Qb8 Nd5 39. Nd4 c5 40. Nc6 Rc7 41. Qd8 Ke6 42. Qg8+ Kd6 43. Nd8 {[%csl Gd8][%cal Rg8e6] [#]} c4 44. Qe8 $2 (44. Ne6 $18) 44... c3 $11 45. Qe6+ Kc5 46. Qe2 Kd6 47. Qe6+ Kc5 48. Qe2 Kd6 49. Qc2 $2 {[%mdl 8192]} (49. Qe4 $11 {and White is okay.}) 49... Nb4 $2 (49... Rd7 $19 50. Nc6 Kxc6) 50. Qd1+ (50. Nb7+ $5 Rxb7 51. Qxc3 $11) 50... Ke7 {[#] Hoping for ...c2.} 51. Qe2+ $2 {[%mdl 8192]} (51. Nb7 $11 Rxb7 52. Qe1+ {[%mdl 64] Double Attack} Kd6 53. Qxc3) 51... Kxd8 $19 {Black is clearly winning.} 52. Qd1+ Kc8 53. Qc1 c2 54. Kh2 Na2 55. Qe1 {Accuracy: White = 52%, Black = 42%.} 0-1

[Event "European Blitz-ch 2018"]
[Site "Skopje"]
[Date "2018.12.06"]
[Round "9"]
[White "Nikcevic, Nebojsa"]
[Black "Potapov, Pavel"]
[Result "1-0"]
[WhiteElo "2434"]
[BlackElo "2516"]
[Annotator "TA"]
[PlyCount "52"]
[EventDate "2018.12.06"]
[EventType "swiss"]
[EventCountry "MKD"]

{[%evp 18,52,20,13,52,51,74,58,63,42,58,58,70,24,17,0,0,-2,-11,-85,-10,-95,-87,-68,0,-331,-43,-39,-37,-54,-42,-120,-135,-132,-114,-120,-119]} 1. Nf3 f5 2. d4 Nf6 3. c4 g6 4. Nc3 Bg7 5. e3 O-O 6. Be2 d6 {[%cal Bd7d6,Bd6e5,Be5e4][%mdl 32]} 7. b4 e5 {A85: Dutch Defence: 2 c4 Nf6 3 Nc3} 8. dxe5 dxe5 9. Qb3 e4 10. Nd4 {LiveBook: 4 Games} Kh8 $146 ({Predecessor:} 10... c5 11. bxc5 Nc6 12. Bb2 f4 13. O-O-O Nxd4 14. exd4 Bf5 15. f3 {½-½ (44) Kempinski,R (2627)-Nijboer,F (2553) Warsaw 2005}) 11. Ba3 c6 12. b5 Re8 13. Rd1 Qc7 14. bxc6 bxc6 15. O-O Nbd7 16. Na4 Ne5 17. Nc5 g5 18. Qa4 (18. g3 $11 {keeps the balance.}) 18... f4 ({Black should play} 18... Neg4 $17 {[%csl Gg4][%cal Rc7h2]} 19. g3 f4) 19. Rfe1 (19. Qc2 $1 $11) 19... fxe3 20. fxe3 Bg4 (20... Neg4 $15 21. g3 Nxe3) 21. Bxg4 $4 {[%mdl 8192]} (21. Rd2 $11) 21... Nexg4 $2 (21... Nfxg4 $19 22. h3 Rad8 23. Nxe4 Rxd4) 22. g3 $15 {Strongly threatening Nce6.} Qf7 $40 {[%mdl 128] Hoping for ...Nd5! Black attacks.} 23. Qc2 ({Wrong is} 23. Qxc6 $2 Nd5 $1 $19 {[%mdl 512]}) ({Not} 23. Nxc6 $2 Nxh2 $1 {[%mdl 512]} 24. Qc2 (24. Re2 $2 Nf3+ 25. Kf1 Qh5 $19) 24... Nfg4 $19) 23... Ne5 24. Nxe4 ({Better is} 24. Bb2 $15) 24... Nxe4 $17 25. Qxe4 Nxc4 26. Qd3 {[#]} Rad8 $1 {[%mdl 32768] Accuracy: White = 38%, Black = 38%. . Loss on time!?} ({Of course not} 26... Nxa3 $6 27. Qxa3 Qd5 28. Rf1 $11) 1-0